History and the changing horizon / (Record no. 103955)
[ view plain ]
| 000 -LEADER | |
|---|---|
| fixed length control field | 00582nam a22001937a 4500 |
| 005 - DATE AND TIME OF LATEST TRANSACTION | |
| control field | 20161104102114.0 |
| 010 ## - LCCN (DPL NO) | |
| LC control number | ENG-116197 |
| 020 ## - INTERNATIONAL STANDARD BOOK NUMBER | |
| International Standard Book Number | 9789380677705 |
| Terms of availability | 650.00 |
| 035 ## - SYSTEM CONTROL NUMBER | |
| System control number | EN-99729 |
| 037 ## - SOURCE OF ACQUISITION | |
| Source of stock number/acquisition | DBAD/PUB |
| 082 ## - DEWEY DECIMAL CLASSIFICATION NUMBER | |
| Classification number | 304.2 |
| 245 ## - TITLE STATEMENT | |
| Title | History and the changing horizon / |
| Remainder of title | edited by Amit Bhattachryya [and] Mahua Sarkar |
| 260 ## - PUBLICATION, DISTRIBUTION, ETC. (IMPRINT) | |
| Place of publication, distribution, etc | Kolkata |
| Name of publisher, distributor, etc | Setu Prakashni |
| Date of publication, distribution, etc | 2014 |
| 270 ## - ADDRESS | |
| Address | 12/A Sankar Ghosh Lane |
| City | Kolkata |
| Postal code | 700006 |
| 300 ## - PHYSICAL DESCRIPTION | |
| Extent | vii,345p. |
| Other physical details | 22cm(Hb) |
| 700 ## - ADDED ENTRY--PERSONAL NAME | |
| Personal name | Bhattachryya,Amit |
| 700 ## - ADDED ENTRY--PERSONAL NAME | |
| Personal name | Sarkar,Mahua |
| 942 ## - ADDED ENTRY ELEMENTS (KOHA) | |
| Source of classification or shelving scheme | Dewey Decimal Classification |
| Item type | English Books |
| Classification part | 304.2 |
| Call number suffix | HIS |
| Withdrawn status | Lost status | Not for loan | Collection code | Home library | Current library | Date acquired | Source of acquisition | Cost, normal purchase price | Full call number | Barcode | Copy number | Cost, replacement price | Koha item type |
|---|---|---|---|---|---|---|---|---|---|---|---|---|---|
| Non-fiction | Shahdara Branch | Shahdara Branch | 07/10/2016 | DBAD/PUB | 650.00 | 954.14035092 KAN | EN-99729 | 1 | 650.00 | English Books |
